| Tag |
First Indicator |
Second Indicator |
Subfields |
| LEADER |
00000cam a22000008a 4500 |
| 001 |
in00002201611 |
| 005 |
20151104091932.0 |
| 008 |
060726s2006 ilu b 000 0 eng |
| 010 |
|
|
|a 2006024660
|
| 020 |
|
|
|a 0814102905 ((pbk))
|
| 020 |
|
|
|a 9780814102909 ((pbk))
|
| 024 |
3 |
|
|a 9780814102909
|
| 035 |
|
|
|a (OCoLC)ocm70830973
|
| 040 |
|
|
|a DLC
|c DLC
|d BAKER
|d NTE
|d TXA
|d UtOrBLW
|
| 043 |
|
|
|a n-us---
|
| 049 |
|
|
|a TXAM
|
| 050 |
0 |
0 |
|a LB2844.1.N4
|b T46 2006
|
| 082 |
0 |
0 |
|a 371.1
|2 22
|
| 245 |
0 |
0 |
|a Tensions and triumphs in the early years of teaching :
|b real-world findings and advice for supporting new teachers /
|c Susi Long ... [and others].
|
| 263 |
|
|
|a 0611
|
| 264 |
|
1 |
|a Urbana, Ill. :
|b National Council of Teachers of English,
|c [2006]
|
| 264 |
|
4 |
|c ©2006
|
| 300 |
|
|
|a xviii, 255 pages :
|b illustrations ;
|c 25 cm.
|
| 336 |
|
|
|a text
|b txt
|2 rdacontent
|
| 337 |
|
|
|a unmediated
|b n
|2 rdamedia
|
| 338 |
|
|
|a volume
|b nc
|2 rdacarrier
|
| 504 |
|
|
|a Includes bibliographical references.
|
| 505 |
0 |
|
|a That September evening -- Becoming us, eight teacher-researchers -- The teachers we hoped we would be -- We were going to be teachers for real -- Living up to a vision : the being perfect disease -- Administrators and colleagues, we need you -- Being political : new teachers, you do have a voice -- How can you help? -- Our visions today.
|
| 650 |
|
0 |
|a First year teachers
|z United States
|v Case studies.
|
| 650 |
|
0 |
|a Elementary school teachers
|x Training of
|z United States
|v Case studies.
|
| 650 |
|
0 |
|a Elementary school teaching
|z United States
|v Case studies.
|
| 700 |
1 |
|
|a Long, Susi,
|d 1952-
|
| 710 |
2 |
|
|a National Council of Teachers of English.
|
| 856 |
4 |
1 |
|3 Table of contents only
|u http://www.loc.gov/catdir/toc/ecip0618/2006024660.html
|t 0
|
| 994 |
|
|
|a C0
|b TXA
|
| 948 |
|
|
|a cataloged
|b h
|c 2006/12/4
|d c
|e blrosas
|f 1:51:27 pm
|
| 999 |
|
|
|a MARS
|
| 999 |
f |
f |
|s 0dfc4354-da0c-30b6-9029-17ac336fdb4d
|i 57ae53e9-b341-3b89-b4fa-48d05781530a
|t 0
|
| 952 |
f |
f |
|p normal
|a Texas A&M University
|b College Station
|c Sterling C. Evans Library
|s Evans stk
|d Evans: Library Stacks
|t 0
|e LB2844.1.N4 T46 2006
|h Library of Congress classification
|i unmediated -- volume
|m A14835572398
|
| 998 |
f |
f |
|a LB2844.1.N4 T46 2006
|t 0
|l Evans: Library Stacks
|